Normal view
MARC view
Entry Personal Name
001 - CONTROL NUMBER
- control field: 1521202
003 - CONTROL NUMBER IDENTIFIER
- control field: NLI
005 - DATE AND TIME OF LATEST TRANSACTION
- control field: 20240417154039.0
008 - FIXED-LENGTH DATA ELEMENTS
- fixed length control field: 240417|| aca||aabn | a|a d
040 ## - CATALOGING SOURCE
- Original cataloging agency: NLI
- Transcribing agency: NLI
100 ## - HEADING--PERSONAL NAME
- Personal name: Poniatowska, Elena
670 ## - SOURCE DATA FOUND
- Source citation: Work cat.: (NLI)1610579: The Women of Mexico's Cultural Renaissance, 2023.
